Movies Quiz

Random Movies or Actor Quiz

Actor/Movie Match Up Quiz Stats

Quiz not verified by Sporcle

Challenge
Share
Tweet
Score 0/23 Timer 20:00
0 Plays Today
% Correct
Joe Pesci
46.8%
Edward Norton
40.4%
Daniel Day-Lewis
31.9%
Morgan Freeman
25.5%
Drew Barrymore
25.5%
John Travolta
21.3%
Anthony Hopkins
17%
Jodie Foster
12.8%
Anna Kendrick
12.8%
Jared Leto
10.6%
Richard Gere
8.5%
Kathleen Turner
6.4%
% Correct
Jake Gyllenhaal
6.4%
Mary Elizabeth Mastrantonio
4.3%
Patricia Arquette
2.1%
Lena Olin
2.1%
Rebecca De Mornay
2.1%
Greg Kinnear
2.1%
Abigail Breslin
2.1%
Rosamund Pike
2.1%
Toni Collette
0%
Betty White
0%
Julianne Moore
0%

You're not logged in!

Compare scores with friends on all Sporcle quizzes.
Sign Up with Email
OR
Log In

You Might Also Like...

Show Comments

Extras

Top Quizzes Today


Score Distribution

Your Account Isn't Verified!

In order to create a playlist on Sporcle, you need to verify the email address you used during registration. Go to your Sporcle Settings to finish the process.